| 000 | 00351pab a2200145 454500 | ||
|---|---|---|---|
| 008 | 180718b1998 xxu||||| |||| 00| 0 eng d | ||
| 100 | _aVenkatesan, D. | ||
| 245 | _aControlling infant mortality: holistic approach needed | ||
| 260 | _c1998 | ||
| 300 | _ap.35-36 | ||
| 362 | _aJul | ||
| 650 | _aChild mortality | ||
| 773 | _aYojana | ||
| 909 | _a37938 | ||
| 999 |
_c37938 _d37938 |
||